000 007450000a22002410004500
003 LK-CoMWRAF
005 20231030150059.0
008 230817t2003 ||||| |||| 00| 0 eng d
020 _a9555800758
040 _aLK-CoMWRAF
_dLK-CoMWRAF
_eLK-CoMWRAF
041 _aeng
082 _a323.34
_bJAY
100 _aJayawardena, Kishali Pinto
245 _aWomen and Governance:
_bSri Lanka
260 _aColombo:
_b International Centre for Ethnic Studies,
_c2003
300 _ax, 152 p. ; 22 cm.
650 _aWOMEN- Social conditions -- Sri Lanka
650 _a Women -- Political activity -- Sri Lanka
650 _aWomen's rights -- Sri Lanka
650 _aWomen -- Employment -- Sri Lanka
700 _aKodikara, Chulani
942 _cBK
999 _c3015
_d3015